Southville International School and Colleges
Your cart is empty.
  • Cart
  • Lists
    Public lists Eva Luna New books Lux_list list_1
    Your lists Log in to create your own lists
  • Log in to your account
  • Your cookies
  • Search history
Southville International School and Colleges
  • Advanced search
  • Recent comments
  • Most popular
  • Libraries

Log in to your account

Log in with GOOGLE


If you do not have an external account, but do have a local account, you can still log in:

  1. Home
  2. MARC view: Prose and poems/
Normal view MARC view ISBD view

Prose and poems/ (Record no. 292204)

[ view plain ]
MARC details
000 -LEADER
fixed length control field 00539nam a2200205Ia 4500
008 - FIXED-LENGTH DATA ELEMENTS--GENERAL INFORMATION
fixed length control field 160319s9999 xx 000 0 und d
020 ## - INTERNATIONAL STANDARD BOOK NUMBER
International Standard Book Number 9715690165
050 ## - LIBRARY OF CONGRESS CALL NUMBER
Classification number 899.21
050 ## - LIBRARY OF CONGRESS CALL NUMBER
Item number J62p 1991
100 ## - MAIN ENTRY--PERSONAL NAME
Personal name Joaquin, Nick
245 ## - TITLE STATEMENT
Title Prose and poems/
245 ## - TITLE STATEMENT
Statement of responsibility, etc Nick Joaquin.
260 ## - PUBLICATION, DISTRIBUTION, ETC. (IMPRINT)
Place of publication, distribution, etc Makati, Metro Manila :
260 ## - PUBLICATION, DISTRIBUTION, ETC. (IMPRINT)
Name of publisher, distributor, etc Bookmark,
260 ## - PUBLICATION, DISTRIBUTION, ETC. (IMPRINT)
Date of publication, distribution, etc 1991
300 ## - PHYSICAL DESCRIPTION
Extent 475 pages :
650 ## - SUBJECT ADDED ENTRY--TOPICAL TERM
Topical term or geographic name as entry element *Short stories, Philippine (English).
650 ## - SUBJECT ADDED ENTRY--TOPICAL TERM
Topical term or geographic name as entry element Philippine drama (English).
650 ## - SUBJECT ADDED ENTRY--TOPICAL TERM
Topical term or geographic name as entry element Philippine poetry (English).
Holdings
Withdrawn status Lost status Damaged status Home library Current library Shelving location Date acquired Total Checkouts Full call number Barcode Date last seen Price effective from Koha item type
      Stonyhurst Southville International School (Batangas) Stonyhurst Southville International School (Batangas) Filipiniana Section 03/19/2016   Fil 899.21 J62p 1991 US 0331 03/19/2016 03/19/2016 Books

Prose and poems/

APA

Joaquin N., .Prose and poems. Makati, Metro Manila: .

Chicago

Joaquin Nick, .Prose and poems. Makati, Metro Manila: .

Harvard

Joaquin N., .Prose and poems. Makati, Metro Manila: .

MLA

Joaquin Nick, .Makati, Metro Manila: . .

  • Place hold
  • Print
  • Cite
  • Add to your cart (remove)
  • Save record
    BIBTEX Dublin Core MARCXML MARC (non-Unicode/MARC-8) MARC (Unicode/UTF-8) MARC (Unicode/UTF-8, Standard) MODS (XML) RIS
  • More searches
    Search for this title in:
    Other Libraries (WorldCat) Other Databases (Google Scholar) Online Stores (Bookfinder.com) Open Library (openlibrary.org)

Exporting to Dublin Core...

SOUTHVILLE LIBRARY

Southville International School and Colleges Library

1281 Tropical Ave. Cor. Luxembourg St., BF Homes International, Las Pinas City

Tel. No. 8256374 / 252358 Loc. 117/146

Powered by Koha